[Event "Padova op-B 2nd"]
[Site "Padova"]
[Date "1999.12.19"]
[Round "5.24"]
[White "Ciech, Elio"]
[Black "Molena, Paolo"]
[Result "1-0"]
[WhiteElo "1462"]
[BlackElo "1477"]
[PlyCount "99"]
[EventDate "1999.12.11"]
[EventType "swiss"]
[EventRounds "6"]
[EventCountry "ITA"]
[SourceTitle "EXT 2024"]
[Source "ChessBase"]
[SourceDate "2023.10.10"]
[SourceVersion "1"]
[SourceVersionDate "2023.10.10"]
[SourceQuality "1"]

1. e4 e5 2. Nf3 Nc6 3. d4 exd4 4. Nxd4 Nxd4 5. Qxd4 Qe7 6. Nc3 Qb4 7. Qe5+ Kd8 8. Bd3 c6 9. 0-0 d6 10. Qg3 Qd4 11. Be3 Qe5 12. f4 Qh5 13. f5 f6 14. Rad1 Kc7 15. Bc4 Qe8 16. Bc5 Qe5 17. Bf2 Bd7 18. Rfe1 Nh6 19. Qd3 Rd8 20. Bg3 Qe7 21. Na4 b6 22. Bb3 Bc8 23. c4 Nf7 24. c5 Ne5 25. cxb6+ axb6 26. Qe3 c5 27. Bd5 Qe8 28. Qb3 b5 29. Nc3 b4 30. Ne2 g5 31. Bxe5 dxe5 32. Rc1 Qb5 33. a3 Kb8 34. Ra1 Bb7 35. Nc3 Bxd5 36. Nxd5 c4 37. Qc2 Bc5+ 38. Kh1 Rd6 39. axb4 Bxb4 40. Ra8+ Kb7 41. Rxh8 Bxe1 42. Rxh7+ Rd7 43. Rxd7+ Qxd7 44. Qxc4 Ba5 45. h3 Qd8 46. b4 Bb6 47. b5 Qd6 48. Qc6+ Qxc6 49. bxc6+ Kxc6 50. Nxf6 1-0